000 00760nam a2200289Ia 4500
005 20260324124450.0
008 008 260324s9999 xx 000 0 eng d
020 _a9780429244957
037 _aEBOOK
040 _aCRL
040 _beng
040 _cCRL
041 _2eng
041 _aeng
084 _qCRL
100 _aCharles Protzman; Joyce Kerpchar; George Mayzell
_91157862
245 0 _aLeveraging Lean in Healthcare
245 0 _bTransforming Your Enterprise into a High Quality Patient Care Delivery System
260 _bTaylor and Francis
260 _c2010
365 _a
365 _b280
856 _uhttp://www.taylorfrancis.com/books/9780429244957
942 _cEBOOK
999 _c1768659
_d1768659